| 000 | 00568nam a2200193Ia 4500 | ||
|---|---|---|---|
| 003 | GCL | ||
| 008 | 140319s9999 xx 000 0 ara d | ||
| 040 |
_aGCL / _cGCL |
||
| 082 | 0 | 4 |
_a812.00938 _bص م |
| 100 | 1 | _aصافيناز كاظم | |
| 245 | 1 | 0 |
_aمسرح المسرح المسرحيتين: ثلاث مقدمات / _cصافيناز كاظم |
| 260 |
_a[S.N] : _bمكتبة مدبولى |
||
| 300 | _a106 ص | ||
| 490 | _a | ||
| 650 | 0 | 4 | _aالادب العربى |
| 650 | 0 | 4 | _aالمسرح |
| 650 | 0 | 4 | _aالمسرحيات العربية |
| 942 |
_2ddc _cBK |
||
| 999 |
_c29670 _d29670 |
||